| 000 | 00518nam a22001817a 4500 | ||
|---|---|---|---|
| 003 | CEME | ||
| 005 | 20210628202025.0 | ||
| 008 | 210223b xxu||||| |||| 00| 0 eng d | ||
| 020 | _a81-219-0103-0 | ||
| 040 | _c. | ||
| 082 | _a621.3 GUP | ||
| 100 |
_aGupta, B.R _957933 |
||
| 245 | _aPrinciples of electrical engineering, circutts, measurements, machines, electronics, general | ||
| 260 |
_aNEW DELHI _bS.CHAND _c1996 |
||
| 300 | _aXI,804 | ||
| 650 |
_aELECTRICAL ENGINEERING-PRINCIPLES _957934 |
||
| 942 |
_cBK _2ddc |
||
| 999 |
_c568174 _d568174 |
||